Statistiken für Römische Ortsbezeichnungen

Klicken Sie hier um das Quiz zu spielen!

Allgemein

  • Dieses Quiz wurde 561 mal gespielt
  • Das Durchschnittsergebnis liegt bei 16 aus 26

Antwortstatistiken

Römischer Name Kategorie Antwort % Korrekt
ItaliaLandItalien
99%
HispaniaLandSpanien
98%
FlorentiaStadtFlorenz
95%
NeapolisStadtNeapel
93%
LondiniumStadtLondon
92%
GalliaLandFrankreich
92%
HelvetiaLandSchweiz
88%
Colonia AgrippinaStadtKöln
78%
MesopotamiaLandIrak
73%
AsiaLandTürkei
73%
LutetiaStadtParis
68%
AfricaLandTunesien
65%
ParthiaLandIran
61%
MassiliaStadtMarseille
55%
LusitaniaLandPortugal
52%
Augusta TreverorumStadtTrier
51%
VindobonaStadtWien
47%
MediolanumStadtMailand
45%
DaciaLandRumänien
44%
HiberniaInselIrland
44%
PhönizienLandLibanon
36%
CaledoniaRegionSchottland
35%
LugdunumStadtLyon
33%
Augusta VindelicorumStadtAugsburg
23%
TuricumStadtZürich
23%
Aquae SulisStadtBath
21%

Verteilung der Resultate

Perzentil nach korrekt beantworteten Fragen

Anzahl Personen mit jedem Resultat

Ihre Resultats-Entwicklung

Sie haben dieses Quiz noch nicht gespielt